[Event "43rd Pan-American U20"]
[Site "Guayaquil ECU"]
[Date "2018.06.19"]
[Round "1.1"]
[White "Cofre Archibold, Nestor"]
[Black "Menes Aguirre, Ivan"]
[Result "1-0"]
[WhiteElo "2364"]
[BlackElo "1792"]
[EventDate "2018.06.19"]
[PlyCount "57"]

1.c4 e5 2.g3 Nf6 3.Bg2 Bc5 4.Nc3 Nc6 5.e3 d5 6.cxd5 Nb4 7.d4 exd4 8.exd4 
Be7 9.Nf3 Bf5 10.O-O O-O 11.Nh4 Bd3 12.Re1 Nc2 13.Re5 Nxa1 14.Qxd3 Nd7 15.
Re1 Bxh4 16.gxh4 Qxh4 17.Bd2 Nc2 18.Qxc2 Qxd4 19.Re7 Rad8 20.Be3 Qf6 21.
Qe4 Qa6 22.Qf5 Qd6 23.Re4 Nf6 24.Rh4 Qd7 25.Qg5 Rfe8 26.Ne4 Nxe4 27.Bxe4 
g6 28.Bd4 Qd6 29.Rxh7 1-0

[Event "43rd Pan-American U20"]
[Site "Guayaquil ECU"]
[Date "2018.06.19"]
[Round "1.2"]
[White "Alomia Aldaz, Fernando"]
[Black "Avila Pavas, Santiago"]
[Result "0-1"]
[WhiteElo "1748"]
[BlackElo "2278"]
[EventDate "2018.06.19"]
[PlyCount "86"]

1.e4 c5 2.c3 d5 3.exd5 Qxd5 4.d4 Nc6 5.Nf3 Bf5 6.Be2 cxd4 7.cxd4 Bxb1 8.
Rxb1 Nf6 9.O-O e6 10.b3 Bd6 11.Bb2 O-O 12.Ne5 Rfd8 13.Bf3 Qa5 14.Nxc6 bxc6
15.Qc2 Rac8 16.a3 Nd5 17.g3 Qc7 18.Rfc1 a5 19.Qc4 Qb7 20.Rc2 Rc7 21.Bc3 
Ra8 22.b4 axb4 23.Bxb4 Rcc8 24.Rcb2 Bxb4 25.axb4 Ra4 26.Bd1 Raa8 27.Bf3 
Ra3 28.Kg2 Rc3 29.Qe2 Qb5 30.Qxb5 cxb5 31.Bxd5 exd5 32.Rd2 Kf8 33.f4 Ra8 
34.Kf2 Ra4 35.Re2 Rc4 36.Re5 Rxd4 37.Rc1 f6 38.Rc8+ Kf7 39.Rc7+ Kg6 40.
Ree7 Raxb4 41.Kf3 h5 42.Rxg7+ Kf5 43.Rh7 Kg6 0-1

[Event "43rd Pan-American U20"]
[Site "Guayaquil ECU"]
[Date "2018.06.19"]
[Round "1.3"]
[White "Noboa, Kevin"]
[Black "Aguirre Burgos, Flavio Jose"]
[Result "0-1"]
[WhiteElo "2267"]
[BlackElo "1737"]
[EventDate "2018.06.19"]
[PlyCount "116"]

1.d4 d5 2.c4 e6 3.Nc3 c6 4.cxd5 exd5 5.Qc2 Be7 6.Bf4 Nf6 7.e3 O-O 8.Bd3 
Nbd7 9.Nge2 a6 10.O-O c5 11.Rad1 c4 12.Bf5 b5 13.e4 dxe4 14.d5 Nc5 15.Bxc8
Qxc8 16.d6 Bd8 17.Ng3 Re8 18.Bg5 Qc6 19.Nf5 Nd3 20.Ne2 Re5 21.Neg3 Qd5 22.
Ne3 Qe6 23.Bxf6 Bxf6 24.b3 Rc8 25.bxc4 bxc4 26.Qe2 Qxd6 27.Ng4 Ree8 28.
Nxe4 Qe6 29.Nexf6+ gxf6 30.Qf3 f5 31.Ne3 f4 32.Nd5 Qd6 33.g3 Qc6 34.Qg4+ 
Kh8 35.Qf5 Re5 36.Qf6+ Qxf6 37.Nxf6 h5 38.gxf4 Rf5 39.Ne4 Rxf4 40.f3 Rg8+ 
41.Kh1 f5 42.Nf6 Rg6 43.Nd5 Rd4 44.Nc3 h4 45.h3 Rd8 46.Kh2 Rdg8 47.Rd2 Nf4
48.Nd5 Rg2+ 49.Rxg2 Rxg2+ 50.Kh1 Nxd5 51.Kxg2 Ne3+ 52.Kf2 Nxf1 53.Kxf1 Kg7
54.Ke2 Kf6 55.f4 Ke6 56.a4 Kd5 57.Ke3 a5 58.Kd2 Ke4 0-1

[Event "43rd Pan-American U20"]
[Site "Guayaquil ECU"]
[Date "2018.06.19"]
[Round "1.5"]
[White "Molina Mendoza, Omar"]
[Black "Ramos Baya, David Santiago"]
[Result "1-0"]
[WhiteElo "2214"]
[BlackElo "1693"]
[EventDate "2018.06.19"]
[PlyCount "79"]

1.Nf3 Nf6 2.g3 g6 3.b3 Bg7 4.Bb2 b6 5.Bg2 Bb7 6.O-O O-O 7.c4 c5 8.Nc3 e6 
9.d4 cxd4 10.Nxd4 Bxg2 11.Kxg2 d5 12.e3 dxc4 13.Qf3 Nbd7 14.Nc6 Qe8 15.Nb5
Nc5 16.Nc7 Qd7 17.Nxa8 Nfe4 18.Bxg7 Kxg7 19.Ne5 Qd5 20.Nxc4 Qxa8 21.Rfd1 
Nf6 22.Qxa8 Rxa8 23.f3 b5 24.Ne5 Nd5 25.Kf2 Rc8 26.e4 Nc3 27.Rd2 N3xe4+ 
28.fxe4 Nxe4+ 29.Ke3 Nxd2 30.Kxd2 Rc5 31.Nf3 b4 32.Rc1 Ra5 33.Rc2 e5 34.
Kd3 Rb5 35.Kc4 a6 36.Re2 f6 37.Rd2 Rb7 38.Rd6 a5 39.Kd5 Kf7 40.Kc6 1-0

[Event "43rd Pan-American U20"]
[Site "Guayaquil ECU"]
[Date "2018.06.19"]
[Round "1.6"]
[White "Haro, Harold"]
[Black "Delgado Romero, Marco"]
[Result "0-1"]
[WhiteElo "1629"]
[BlackElo "2209"]
[EventDate "2018.06.19"]
[PlyCount "60"]

1.d4 Nf6 2.Nf3 c5 3.g3 cxd4 4.Nxd4 e5 5.Nb3 d5 6.Bg2 Be6 7.O-O Nc6 8.Bg5 
a5 9.a4 Be7 10.Nc3 d4 11.Nb5 O-O 12.e3 Bc4 13.Re1 dxe3 14.Bxe3 Nd5 15.Bc5 
Bxb3 16.Bxe7 Qxe7 17.cxb3 Ndb4 18.Qe2 Rad8 19.Rad1 f5 20.Qc4+ Kh8 21.h3 e4
22.Rxd8 Rxd8 23.Re2 h5 24.Nc3 Nd3 25.Qb5 Qf7 26.f3 Nd4 27.Qxa5 Nxe2+ 28.
Nxe2 Qf6 29.Qc3 Qb6+ 30.Kh2 exf3 0-1

[Event "43rd Pan-American U20"]
[Site "Guayaquil ECU"]
[Date "2018.06.19"]
[Round "1.7"]
[White "Lu, Maximillian"]
[Black "Quizhpe Martinez, Angel"]
[Result "1-0"]
[WhiteElo "2204"]
[BlackElo "1566"]
[EventDate "2018.06.19"]
[PlyCount "71"]

1.c4 c5 2.Nc3 Nf6 3.g3 e6 4.Bg2 Nc6 5.Nf3 d5 6.cxd5 exd5 7.d4 h6 8.O-O Be7
9.a3 c4 10.b3 cxb3 11.Qxb3 O-O 12.Rd1 Na5 13.Qc2 Be6 14.Bf4 Rc8 15.Qd3 Nc4
16.Rab1 Bxa3 17.Nb5 Qe7 18.Rb3 Nb2 19.Rxb2 Bxb2 20.Bd6 Qd8 21.Bxf8 Qxf8 
22.Qd2 a6 23.Qxb2 axb5 24.Qxb5 Qe7 25.Ne5 Ne8 26.e3 Nd6 27.Qb4 Rc2 28.Qb3 
Qc7 29.Bxd5 Rc3 30.Qa2 Bxd5 31.Qxd5 b5 32.Nd3 Rc4 33.e4 Qb6 34.Nc5 Rc2 35.
e5 Nc4 36.Qa8+ 1-0

[Event "43rd Pan-American U20"]
[Site "Guayaquil ECU"]
[Date "2018.06.19"]
[Round "1.8"]
[White "Caceres Limones, Danilo"]
[Black "Ghatti, Sanjay"]
[Result "0-1"]
[WhiteElo "1560"]
[BlackElo "2189"]
[EventDate "2018.06.19"]
[PlyCount "50"]

1.d4 d5 2.Bf4 Nf6 3.Nf3 e6 4.e3 Bd6 5.Bg3 O-O 6.Bd3 c5 7.c3 b6 8.O-O Ba6 
9.Bxa6 Nxa6 10.Qe2 Nb8 11.Bxd6 Qxd6 12.Nbd2 Nc6 13.e4 Qf4 14.exd5 exd5 15.
Qb5 Qd6 16.Rfe1 c4 17.b3 a6 18.Qxb6 Nd7 19.Qb7 Ra7 20.Qxa7 Nxa7 21.bxc4 
dxc4 22.Nxc4 Qc6 23.Ncd2 Nb5 24.Rac1 h6 25.a4 Nc7 0-1

[Event "43rd Pan-American U20"]
[Site "Guayaquil ECU"]
[Date "2018.06.19"]
[Round "1.9"]
[White "Guo, Arthur"]
[Black "Figueroa Garcia, Rafael Leandro"]
[Result "1-0"]
[WhiteElo "2165"]
[BlackElo "1539"]
[EventDate "2018.06.19"]
[PlyCount "65"]

1.e4 g6 2.d4 Bg7 3.Nc3 d6 4.Be3 Nf6 5.f3 c6 6.Qd2 b5 7.Bd3 e5 8.Nge2 Nbd7 
9.d5 cxd5 10.Nxb5 Nc5 11.Bxc5 dxc5 12.exd5 a6 13.Nbc3 Rb8 14.O-O-O Nxd5 
15.Nxd5 e4 16.Nec3 exd3 17.Qf4 Bf5 18.Nc7+ Kf8 19.Rxd3 Bd4 20.g4 Bc8 21.
Qh6+ Kg8 22.Re1 Bd7 23.Rxd4 cxd4 24.N3d5 Be6 25.Rxe6 fxe6 26.Nxe6 Kf7 27.
Nxd8+ Rbxd8 28.Qg5 Ke6 29.Nb4 Rhe8 30.Nc6 Rd5 31.Nxd4+ Kd6 32.Qf6+ Kc5 33.
Qc6+ 1-0

[Event "43rd Pan-American U20"]
[Site "Guayaquil ECU"]
[Date "2018.06.19"]
[Round "1.10"]
[White "Pereira Berrozo, Hernardo"]
[Black "Zambrano, Junior"]
[Result "0-1"]
[WhiteElo "1534"]
[BlackElo "2152"]
[EventDate "2018.06.19"]
[PlyCount "48"]

1.Nf3 Nf6 2.c4 e6 3.g3 b6 4.Bg2 Bb7 5.O-O c5 6.d3 Be7 7.Nc3 O-O 8.Bg5 h6 
9.Bf4 d5 10.cxd5 Nxd5 11.Bd2 Nc6 12.Qc1 Rc8 13.h4 Nd4 14.Re1 Nxc3 15.Nxd4 
Bxg2 16.Kxg2 cxd4 17.bxc3 dxc3 18.Bxh6 gxh6 19.Qxh6 Bf6 20.Qf4 Bg7 21.Rh1 
Qf6 22.Qa4 c2 23.Rac1 Qd4 24.Qa3 Qc5 0-1

[Event "43rd Pan-American U20"]
[Site "Guayaquil ECU"]
[Date "2018.06.20"]
[Round "2.1"]
[White "Jaramillo Arce, David"]
[Black "Cofre Archibold, Nestor"]
[Result "0-1"]
[WhiteElo "2100"]
[BlackElo "2364"]
[EventDate "2018.06.19"]
[PlyCount "60"]

1.d4 Nf6 2.Nf3 e6 3.g3 b5 4.Bg2 Bb7 5.O-O c5 6.c3 Na6 7.a4 b4 8.Qd3 Be7 9.
Bg5 bxc3 10.Nxc3 Nb4 11.Qd2 c4 12.Bxf6 Bxf6 13.a5 O-O 14.Na4 Na6 15.Rfd1 
Rb8 16.Ne5 Bxg2 17.Kxg2 Qc7 18.Ng4 Be7 19.d5 Bb4 20.Qd4 Bxa5 21.Ne3 Rfc8 
22.Rdc1 Rb4 23.Nc3 Bb6 24.Qh4 Qb7 25.Ng4 Nc5 26.Rd1 Nb3 27.Qg5 Bd8 28.Qh5 
Nxa1 29.Ne4 Be7 30.Ne5 Rf8 0-1

[Event "43rd Pan-American U20"]
[Site "Guayaquil ECU"]
[Date "2018.06.20"]
[Round "2.2"]
[White "Avila Pavas, Santiago"]
[Black "Reinoso Salas, Daniel"]
[Result "1/2-1/2"]
[WhiteElo "2278"]
[BlackElo "2067"]
[EventDate "2018.06.19"]
[PlyCount "87"]

1.d4 d5 2.Bf4 Nf6 3.e3 c5 4.c3 Nc6 5.Nd2 cxd4 6.exd4 Bf5 7.Ngf3 e6 8.Qb3 
Qc8 9.Nh4 Be4 10.f3 Bg6 11.Nxg6 hxg6 12.g4 Be7 13.Bd3 Kf8 14.Bg3 Ne8 15.
O-O Nd6 16.Rae1 Qd7 17.f4 f5 18.Nf3 Ne4 19.Bxe4 dxe4 20.Ne5 Nxe5 21.fxe5 
Ke8 22.Rd1 Rd8 23.c4 b5 24.d5 bxc4 25.Qxc4 exd5 26.Qa6 Bc5+ 27.Kg2 Bb6 28.
a4 Rf8 29.e6 Qxe6 30.a5 f4 31.Bxf4 Qxg4+ 32.Bg3 Rf2+ 33.Rxf2 Bxf2 34.Kxf2 
Qxd1 35.Qxg6+ Kf8 36.Bd6+ Kg8 37.Qe6+ Kh7 38.Qf5+ Kg8 39.Qe6+ Kh7 40.Qf5+ 
g6 41.Qf7+ Kh6 42.Bf4+ Kh5 43.Qh7+ Kg4 44.Qxg6+ 1/2-1/2

[Event "43rd Pan-American U20"]
[Site "Guayaquil ECU"]
[Date "2018.06.20"]
[Round "2.3"]
[White "Vazquez Maccarini, Danitza"]
[Black "Aspiazu, Marlon"]
[Result "1-0"]
[WhiteElo "2242"]
[BlackElo "1977"]
[EventDate "2018.06.19"]
[PlyCount "83"]

1.e4 e6 2.Nf3 d5 3.exd5 exd5 4.d4 c6 5.Bd3 Bd6 6.O-O Bg4 7.Re1+ Ne7 8.Nbd2
Qc7 9.Nf1 Nd7 10.Bg5 f6 11.Bh4 O-O-O 12.Bg3 Rde8 13.h3 Bh5 14.c4 dxc4 15.
Bxc4 Nb6 16.Be6+ Kb8 17.Bxd6 Qxd6 18.Ng3 Bxf3 19.Qxf3 Ned5 20.Nf5 Qc7 21.
a4 g6 22.a5 Nc8 23.Ng3 Qd6 24.Bxd5 cxd5 25.Qb3 Rd8 26.Ra4 Rhe8 27.Rd1 Rd7 
28.Nf1 Rc7 29.Ne3 Ne7 30.Rb4 f5 31.Rb5 Rd8 32.Nc2 Ng8 33.Nb4 Nf6 34.a6 b6 
35.Nd3 Ka8 36.Ne5 Rdc8 37.Nd3 Rc4 38.Rc5 Ne4 39.Rxc8+ Rxc8 40.Nf4 Rc4 41.
Qb5 Qxf4 42.Qxd5+ 1-0

[Event "43rd Pan-American U20"]
[Site "Guayaquil ECU"]
[Date "2018.06.20"]
[Round "2.4"]
[White "Mendoza Criollo, Carlos David"]
[Black "Molina Mendoza, Omar"]
[Result "0-1"]
[WhiteElo "1945"]
[BlackElo "2214"]
[EventDate "2018.06.19"]
[PlyCount "76"]

1.d4 Nf6 2.c4 g6 3.Nc3 Bg7 4.e4 d6 5.Bd3 O-O 6.Nge2 e5 7.d5 Nh5 8.O-O f5 
9.Ng3 Nf4 10.exf5 Nxd3 11.Qxd3 Bxf5 12.Nce4 Nd7 13.Qe2 h6 14.Be3 Nf6 15.f3
b6 16.b4 Bxe4 17.fxe4 Qe7 18.c5 Nd7 19.cxd6 Rxf1+ 20.Nxf1 cxd6 21.Rc1 Nf6 
22.Nd2 Qd7 23.Rc6 Rf8 24.h3 Rf7 25.a4 Bf8 26.Bf2 Nh5 27.Nc4 Nf4 28.Qe3 Qd8
29.Kh2 Nh5 30.g4 Nf4 31.Bg3 g5 32.Bxf4 gxf4 33.Qf3 Rg7 34.b5 h5 35.Kg2 
hxg4 36.hxg4 Qh4 37.Kf1 Rxg4 38.Ke2 Qh2+ 0-1

[Event "43rd Pan-American U20"]
[Site "Guayaquil ECU"]
[Date "2018.06.20"]
[Round "2.5"]
[White "Delgado Romero, Marco"]
[Black "Rodriguez Horna, Lorenzo"]
[Result "1-0"]
[WhiteElo "2209"]
[BlackElo "1939"]
[EventDate "2018.06.19"]
[PlyCount "87"]

1.d4 f5 2.c4 Nf6 3.Nc3 d6 4.Nf3 g6 5.h4 Bg7 6.Qc2 Nc6 7.d5 Ne5 8.Nxe5 dxe5
9.e4 O-O 10.Bd3 f4 11.Bd2 Bg4 12.Na4 f3 13.g3 Bd7 14.Nc5 b6 15.Nxd7 Nxd7 
16.b4 Nf6 17.c5 Qd7 18.Qc4 Kh8 19.Bc3 Nh5 20.cxb6 cxb6 21.Qc6 Qd6 22.Qxd6 
exd6 23.Bd2 Rac8 24.O-O Rc7 25.a4 Nf6 26.Rfe1 Ng4 27.b5 Bh6 28.Bxh6 Nxh6 
29.Rec1 Rc5 30.Rxc5 dxc5 31.Kf1 Nf7 32.Ke1 Nd6 33.Kd2 h6 34.a5 Kg7 35.axb6
axb6 36.Ra6 Rb8 37.Ra7+ Rb7 38.Ra8 Rd7 39.Rb8 c4 40.Bc2 Nxb5 41.Ba4 c3+ 
42.Kc1 Ra7 43.Bxb5 Ra2 44.d6 1-0

[Event "43rd Pan-American U20"]
[Site "Guayaquil ECU"]
[Date "2018.06.20"]
[Round "2.7"]
[White "Ghatti, Sanjay"]
[Black "Esmeraldas Huachi, Anderson"]
[Result "0-1"]
[WhiteElo "2189"]
[BlackElo "1865"]
[EventDate "2018.06.19"]
[PlyCount "82"]

1.e4 c5 2.Nf3 d6 3.d4 cxd4 4.Nxd4 Nf6 5.Nc3 a6 6.g3 e5 7.Nb3 Be7 8.Bg2 O-O
9.O-O Be6 10.a4 Nc6 11.h3 Bc4 12.Re1 Rb8 13.Nd5 b5 14.axb5 axb5 15.Ra6 Rc8
16.Nb6 Nb4 17.Nxc8 Nxa6 18.Nxe7+ Qxe7 19.Be3 h6 20.Nd2 Be6 21.Qe2 Qb7 22.
Ra1 Rc8 23.c3 Nc5 24.f4 Na4 25.c4 Bxc4 26.Nxc4 Rxc4 27.b3 Nc3 28.Qd3 Rc6 
29.fxe5 dxe5 30.Qd8+ Kh7 31.Ra7 Qc8 32.Qe7 Qe6 33.Qxf7 Qxf7 34.Rxf7 Ne2+ 
35.Kf2 Rc2 36.Kf3 Nc3 37.Rc7 Nfxe4 38.Bf1 Nf6 39.g4 e4+ 40.Kg3 Ne2+ 41.
Bxe2 Rxc7 0-1

[Event "43rd Pan-American U20"]
[Site "Guayaquil ECU"]
[Date "2018.06.20"]
[Round "2.8"]
[White "Gomez Barrera, Gonzalo Andres"]
[Black "Guo, Arthur"]
[Result "0-1"]
[WhiteElo "1814"]
[BlackElo "2165"]
[EventDate "2018.06.19"]
[PlyCount "90"]

1.d4 Nf6 2.c4 e6 3.Nf3 Bb4+ 4.Nbd2 b6 5.a3 Bxd2+ 6.Qxd2 Bb7 7.e3 O-O 8.Be2
d6 9.O-O Nbd7 10.b4 Ne4 11.Qc2 f5 12.d5 e5 13.Nd2 Nxd2 14.Bxd2 Qe7 15.f3 
c6 16.dxc6 Bxc6 17.Rfd1 Qh4 18.b5 Bb7 19.Bb4 Qh6 20.Bxd6 Qxe3+ 21.Kh1 Rfe8
22.Qxf5 Nf6 23.Qd3 Qf2 24.Rf1 Qh4 25.Qe3 e4 26.f4 Rad8 27.Rad1 Ng4 28.Bxg4
Qxg4 29.Rd2 Rd7 30.Rfd1 Red8 31.h3 Qg6 32.Bb4 Rd3 33.Rxd3 Rxd3 34.Rxd3 
exd3 35.Qf2 h6 36.c5 bxc5 37.Bxc5 Qh5 38.Bxa7 Qxh3+ 39.Kg1 Bxg2 40.Qe3 
Qh1+ 41.Kf2 Qf1+ 42.Kg3 Bd5 43.Bd4 Qg2+ 44.Kh4 d2 45.Qe8+ Kh7 0-1

[Event "43rd Pan-American U20"]
[Site "Guayaquil ECU"]
[Date "2018.06.20"]
[Round "2.9"]
[White "Zambrano, Junior"]
[Black "Ramos Yambay, Josua"]
[Result "1-0"]
[WhiteElo "2152"]
[BlackElo "1308"]
[EventDate "2018.06.19"]
[PlyCount "71"]

1.Nf3 Nf6 2.c4 g6 3.g3 Bg7 4.Bg2 d6 5.d4 O-O 6.O-O c6 7.Nc3 Qb6 8.b3 c5 9.
Bb2 Bd7 10.Qd2 cxd4 11.Nxd4 e6 12.Rfd1 Ne8 13.e3 a6 14.Nde2 Bc6 15.Ne4 
Bxb2 16.Qxb2 d5 17.cxd5 Bxd5 18.Nf4 Bxe4 19.Bxe4 Nd6 20.Bg2 Rd8 21.h4 Nc6 
22.h5 Rac8 23.Rac1 Ne7 24.Rxc8 Rxc8 25.Qf6 Nef5 26.g4 Ne8 27.Qe5 Nh6 28.
Bf3 Qc7 29.Qg5 Kg7 30.hxg6 hxg6 31.Be4 b6 32.Bxg6 Qc5 33.Nxe6+ fxe6 34.
Rd7+ Kg8 35.Bf7+ Kh7 36.Qg6+ 1-0

[Event "43rd Pan-American U20"]
[Site "Guayaquil ECU"]
[Date "2018.06.20"]
[Round "3.1"]
[White "Cofre Archibold, Nestor"]
[Black "Zambrano, Junior"]
[Result "1-0"]
[WhiteElo "2364"]
[BlackElo "2152"]
[EventDate "2018.06.19"]
[PlyCount "75"]

1.e4 c6 2.d4 d5 3.exd5 cxd5 4.c4 Nf6 5.Nc3 Nc6 6.Bg5 Be6 7.a3 g6 8.Bxf6 
exf6 9.c5 Bg7 10.Bb5 O-O 11.Nge2 Rc8 12.O-O f5 13.Qd3 b6 14.Bxc6 Rxc6 15.
b4 bxc5 16.dxc5 Qh4 17.Rad1 Rd8 18.Nd4 Rcc8 19.Ncb5 a6 20.Nc3 a5 21.Rfe1 
axb4 22.axb4 Re8 23.g3 Qg4 24.Nce2 Be5 25.f4 Bf6 26.c6 h5 27.Kg2 h4 28.Qf3
Ra8 29.Ra1 Rxa1 30.Rxa1 Bc8 31.Ra8 Kg7 32.Qxg4 fxg4 33.b5 Re4 34.Rxc8 Bxd4
35.Nxd4 Rxd4 36.c7 Rd2+ 37.Kf1 Rxh2 38.Rd8 1-0

[Event "43rd Pan-American U20"]
[Site "Guayaquil ECU"]
[Date "2018.06.20"]
[Round "3.2"]
[White "Lu, Maximillian"]
[Black "Vazquez Maccarini, Danitza"]
[Result "0-1"]
[WhiteElo "2204"]
[BlackElo "2242"]
[EventDate "2018.06.19"]
[PlyCount "78"]

1.d4 Nf6 2.c4 e6 3.Nf3 c5 4.d5 exd5 5.cxd5 d6 6.Nc3 g6 7.Nd2 Nbd7 8.e4 Bg7
9.Be2 O-O 10.a4 a6 11.O-O Re8 12.Qc2 Rb8 13.f3 Qc7 14.a5 Ra8 15.Re1 b5 16.
axb6 Nxb6 17.Na4 Nfd7 18.Nxb6 Nxb6 19.Ra2 Bd7 20.b4 Bb5 21.bxc5 Bd4+ 22.
Kf1 Qxc5 23.Nb3 Qxc2 24.Rxc2 Be5 25.f4 Bg7 26.Bxb5 axb5 27.Be3 Nc4 28.Bd4 
Ra3 29.Bxg7 Kxg7 30.Nd2 Ne3+ 31.Rxe3 Rxe3 32.Kf2 Rd3 33.Ke2 Rxd5 34.Kf3 
Rc5 35.Rb2 Rec8 36.Rb4 Rc2 37.Ke2 R8c4 38.Rxb5 Rd4 39.Rd5 Rcxd2+ 0-1

[Event "43rd Pan-American U20"]
[Site "Guayaquil ECU"]
[Date "2018.06.20"]
[Round "3.3"]
[White "Molina Mendoza, Omar"]
[Black "Aguirre Burgos, Flavio Jose"]
[Result "1/2-1/2"]
[WhiteElo "2214"]
[BlackElo "1737"]
[EventDate "2018.06.19"]
[PlyCount "62"]

1.Nf3 Nf6 2.d4 g6 3.g3 Bg7 4.Bg2 O-O 5.O-O d6 6.b3 a5 7.Bb2 a4 8.c4 Nbd7 
9.Nc3 a3 10.Bc1 e5 11.e3 exd4 12.Nxd4 Re8 13.Qc2 Nc5 14.b4 Ne6 15.Qb3 Nxd4
16.exd4 Nd7 17.Be3 Nf6 18.h3 Bf5 19.Rad1 Ne4 20.Nb1 h5 21.Nxa3 Qd7 22.Kh2 
Qa4 23.Nb5 Qxa2 24.Qxa2 Rxa2 25.Ra1 Rc2 26.Nxc7 Rc8 27.Nd5 Re8 28.Nb6 Nd2 
29.Rfd1 Nxc4 30.Nxc4 Rxc4 31.b5 Be4 1/2-1/2

[Event "43rd Pan-American U20"]
[Site "Guayaquil ECU"]
[Date "2018.06.20"]
[Round "3.4"]
[White "Guo, Arthur"]
[Black "Delgado Romero, Marco"]
[Result "1-0"]
[WhiteElo "2165"]
[BlackElo "2209"]
[EventDate "2018.06.19"]
[PlyCount "89"]

1.d4 Nf6 2.c4 c5 3.d5 b5 4.cxb5 a6 5.bxa6 g6 6.Nc3 Bg7 7.e4 O-O 8.Nf3 Qa5 
9.Bd2 Bxa6 10.Bxa6 Qxa6 11.Qe2 d6 12.a4 Qxe2+ 13.Kxe2 Na6 14.Rhb1 Rfb8 15.
Ne1 c4 16.Nc2 Nc5 17.f3 Nfd7 18.Ne3 Nb6 19.a5 Nb3 20.axb6 Nxa1 21.Nxc4 Nb3
22.Be3 Bd4 23.Bxd4 Nxd4+ 24.Kd3 Nb3 25.Nb5 Ra4 26.Na7 Rxc4 27.Kxc4 Rxb6 
28.Kc3 Kf8 29.Nc6 e6 30.Nb4 Nc5 31.Ra1 Kg7 32.Ra3 Kf6 33.g3 g5 34.Nc6 exd5
35.exd5 Nd7 36.b4 Rb7 37.Kc4 Nb6+ 38.Kd4 Nc8 39.Ra8 Ne7 40.Kc4 Nf5 41.Re8 
h5 42.b5 Ne7 43.Rxe7 Rxe7 44.Nxe7 Kxe7 45.b6 1-0

[Event "43rd Pan-American U20"]
[Site "Guayaquil ECU"]
[Date "2018.06.20"]
[Round "3.5"]
[White "Esmeraldas Huachi, Anderson"]
[Black "Avila Pavas, Santiago"]
[Result "1-0"]
[WhiteElo "1865"]
[BlackElo "2278"]
[EventDate "2018.06.19"]
[PlyCount "79"]

1.d4 Nf6 2.c4 c5 3.d5 b5 4.cxb5 a6 5.bxa6 g6 6.Nc3 Bg7 7.g3 O-O 8.Bg2 d6 
9.Nf3 Bxa6 10.O-O Nfd7 11.Rb1 Nb6 12.Re1 Nc4 13.Nd2 Na3 14.Ra1 Nd7 15.Ndb1
Nc4 16.b3 Na5 17.Bb2 Qb8 18.Nd2 c4 19.Rb1 Rc8 20.Bh3 f5 21.b4 Qxb4 22.a3 
Qb7 23.Ba1 Qa7 24.e4 Bd4 25.Rf1 Ne5 26.Nf3 Nxf3+ 27.Qxf3 Nb3 28.exf5 Nd2 
29.Qg4 Nxf1 30.Rxf1 Rf8 31.Nb5 Bxf2+ 32.Rxf2 Bxb5 33.Bd4 Qd7 34.Qh4 e5 35.
dxe6 Qb7 36.f6 Be8 37.Qh6 Qb1+ 38.Bf1 Rf7 39.exf7+ Kxf7 40.Re2 1-0

[Event "43rd Pan-American U20"]
[Site "Guayaquil ECU"]
[Date "2018.06.20"]
[Round "3.7"]
[White "Estrada Lavin, Cristian Alexand"]
[Black "Ghatti, Sanjay"]
[Result "0-1"]
[WhiteElo "2120"]
[BlackElo "2189"]
[EventDate "2018.06.19"]
[PlyCount "52"]

1.d4 Nf6 2.c4 g6 3.Nc3 Bg7 4.e4 d6 5.Nf3 O-O 6.Be2 e5 7.d5 a5 8.Bg5 h6 9.
Be3 Ng4 10.Bd2 f5 11.h3 Nf6 12.exf5 gxf5 13.Qc1 f4 14.g3 e4 15.Nh4 e3 16.
fxe3 fxg3 17.Ng6 Re8 18.Qc2 Na6 19.Bf3 Nb4 20.Qb1 Nh7 21.Bg2 Qf6 22.Rf1 
Qd4 23.Be4 Qxc4 24.Rf4 Qc5 25.a3 Na6 26.b4 Qa7 0-1

[Event "43rd Pan-American U20"]
[Site "Guayaquil ECU"]
[Date "2018.06.20"]
[Round "3.8"]
[White "Noboa, Kevin"]
[Black "Menes Aguirre, Ivan"]
[Result "1-0"]
[WhiteElo "2267"]
[BlackElo "1792"]
[EventDate "2018.06.19"]
[PlyCount "75"]

1.d4 Nf6 2.c4 c5 3.d5 d6 4.Nc3 g6 5.e4 Bg7 6.Bd3 O-O 7.h3 e6 8.Bg5 h6 9.
Be3 Na6 10.Nf3 Re8 11.O-O e5 12.Qd2 Kh7 13.Ne2 Nc7 14.b4 b5 15.bxc5 bxc4 
16.Bc2 Ba6 17.Nc3 dxc5 18.Bxc5 Nd7 19.Be3 Nb5 20.Nxb5 Bxb5 21.Qc3 Bf8 22.
Rab1 Ba6 23.Ba4 Bd6 24.Bc6 Rc8 25.Nd2 Rf8 26.Nxc4 Bb8 27.Rfc1 Bxc4 28.Qxc4
f5 29.Rb7 Rc7 30.exf5 gxf5 31.Rxc7 Qxc7 32.Qh4 Qd6 33.Bxd7 Qxd7 34.Qxh6+ 
Kg8 35.Rc6 Rf7 36.Bc5 e4 37.Rg6+ Rg7 38.Rf6 1-0

[Event "43rd Pan-American U20"]
[Site "Guayaquil ECU"]
[Date "2018.06.20"]
[Round "3.9"]
[White "Caceres Limones, Danilo"]
[Black "Jaramillo Arce, David"]
[Result "1/2-1/2"]
[WhiteElo "1560"]
[BlackElo "2100"]
[EventDate "2018.06.19"]
[PlyCount "84"]

1.d4 Nf6 2.Nf3 c5 3.c3 e6 4.Bf4 Qb6 5.Qb3 Nc6 6.Nbd2 d5 7.e3 Be7 8.Be2 O-O
9.Ne5 Nxe5 10.Bxe5 Bd7 11.g4 Qxb3 12.axb3 a6 13.O-O Bc6 14.Bg3 Rfe8 15.g5 
Ne4 16.Nxe4 dxe4 17.h4 Red8 18.Rfd1 cxd4 19.Rxd4 Bc5 20.Rxd8+ Rxd8 21.b4 
Be7 22.Rd1 Rxd1+ 23.Bxd1 Kf8 24.Kg2 Ke8 25.f3 exf3+ 26.Bxf3 Kd7 27.Bxc6+ 
Kxc6 28.Kf3 f6 29.gxf6 gxf6 30.e4 h5 31.Ke3 e5 32.Kd3 Kd6 33.Kc4 b5+ 34.
Kd3 Ke6 35.b3 f5 36.exf5+ Kxf5 37.Ke3 Bf8 38.Be1 Bh6+ 39.Kd3 Bg7 40.c4 e4+
41.Ke3 bxc4 42.bxc4 Bb2 1/2-1/2

[Event "43rd Pan-American U20"]
[Site "Guayaquil ECU"]
[Date "2018.06.20"]
[Round "3.10"]
[White "Aspiazu, Marlon"]
[Black "Ramos Baya, David Santiago"]
[Result "1/2-1/2"]
[WhiteElo "1977"]
[BlackElo "1693"]
[EventDate "2018.06.19"]
[PlyCount "63"]

1.Nf3 Nf6 2.c4 e6 3.e3 b6 4.b3 Bb7 5.Bb2 g6 6.Be2 Bg7 7.O-O O-O 8.d4 d5 9.
Nc3 Ne4 10.Qc2 Na6 11.Rac1 c5 12.dxc5 Naxc5 13.Rfd1 Qe7 14.cxd5 Nxc3 15.
Bxc3 Bxd5 16.Bxg7 Kxg7 17.b4 Ne4 18.Rd4 Rac8 19.Qxc8 Rxc8 20.Rxc8 Nd6 21.
Rc2 Nf5 22.Rd1 Qxb4 23.Rc7 a5 24.Ng5 Nd6 25.Bf3 Bxf3 26.gxf3 Kg8 27.Rd7 
Qh4 28.Nxe6 fxe6 29.R1xd6 Qg5+ 30.Kh1 Qf5 31.Rxb6 Qxf3+ 32.Kg1 1/2-1/2

[Event "43rd Pan-American U20"]
[Site "Guayaquil ECU"]
[Date "2018.06.21"]
[Round "4.1"]
[White "Guo, Arthur"]
[Black "Cofre Archibold, Nestor"]
[Result "1/2-1/2"]
[WhiteElo "2165"]
[BlackElo "2364"]
[EventDate "2018.06.19"]
[PlyCount "76"]

1.d4 Nf6 2.c4 e6 3.Nc3 c5 4.d5 exd5 5.cxd5 d6 6.e4 g6 7.f4 Bg7 8.Bb5+ Nfd7
9.Nf3 a6 10.Bd3 b5 11.O-O O-O 12.Kh1 Bb7 13.f5 Ne5 14.Bg5 Bf6 15.Bxf6 Qxf6
16.Nxe5 Qxe5 17.Qg4 Bc8 18.Rf3 Ra7 19.Qh4 f6 20.fxg6 hxg6 21.Raf1 Rh7 22.
Qg3 c4 23.Qxe5 dxe5 24.Bc2 Nd7 25.a4 b4 26.Nd1 a5 27.Ne3 Ba6 28.R1f2 Kg7 
29.d6 Rhh8 30.h3 Rd8 31.Nd5 Bb7 32.Nxf6 Nxf6 33.Rxf6 Rhf8 34.Rxf8 Rxf8 35.
Rd2 Rd8 36.b3 c3 37.Rd1 Kf6 38.Kh2 Ke6 1/2-1/2

[Event "43rd Pan-American U20"]
[Site "Guayaquil ECU"]
[Date "2018.06.21"]
[Round "4.2"]
[White "Vazquez Maccarini, Danitza"]
[Black "Esmeraldas Huachi, Anderson"]
[Result "1-0"]
[WhiteElo "2242"]
[BlackElo "1865"]
[EventDate "2018.06.19"]
[PlyCount "69"]

1.e4 c5 2.Nf3 d6 3.c3 Nf6 4.h3 e6 5.Bd3 Be7 6.O-O O-O 7.Bc2 b5 8.d4 Bb7 9.
Re1 cxd4 10.cxd4 Qc7 11.Bf4 Nc6 12.Nc3 a6 13.Rc1 b4 14.Ne2 e5 15.Bd2 Qb6 
16.d5 Na5 17.Be3 Qd8 18.b3 Qb8 19.Ng3 Bc8 20.Qd2 g6 21.a3 Nb7 22.Qxb4 Bd7 
23.Nxe5 a5 24.Nxd7 axb4 25.Nxb8 Rfxb8 26.axb4 Nd8 27.Bd2 Nd7 28.f4 Ra2 29.
Bc3 Rc8 30.Bd3 Bh4 31.Kh2 Ra3 32.Bc4 Nb6 33.Bb2 Ra2 34.Re2 Kf8 35.Bg7+ 1-0

[Event "43rd Pan-American U20"]
[Site "Guayaquil ECU"]
[Date "2018.06.21"]
[Round "4.3"]
[White "Aguirre Burgos, Flavio Jose"]
[Black "Reinoso Salas, Daniel"]
[Result "0-1"]
[WhiteElo "1737"]
[BlackElo "2067"]
[EventDate "2018.06.19"]
[PlyCount "112"]

1.d4 d5 2.c4 c6 3.Nc3 Nf6 4.Nf3 dxc4 5.a4 Bf5 6.g3 e6 7.Bg2 Nbd7 8.O-O Bb4
9.Bg5 Qa5 10.Bxf6 Nxf6 11.Na2 Be4 12.Qc1 Bd5 13.Ne5 Be7 14.Nc3 Bxg2 15.
Kxg2 Qb4 16.Nd1 Rd8 17.Ne3 O-O 18.Rd1 c5 19.dxc5 Rxd1 20.Nxd1 Bxc5 21.Qxc4
Qxc4 22.Nxc4 Rc8 23.Nde3 Kf8 24.a5 a6 25.b4 Bxe3 26.Nxe3 Ne4 27.Rd1 Ke7 
28.Rd4 Nd6 29.f4 g6 30.g4 Rc3 31.Rd3 Rc1 32.Kf3 Rb1 33.Rd4 Rb3 34.Kf2 h6 
35.h3 f6 36.h4 Rb1 37.Kf3 h5 38.Kf2 hxg4 39.Nxg4 Rh1 40.Nxf6 Nf5 41.Ng8+ 
Kf7 42.Rd8 Rxh4 43.e3 Rh8 44.Rd7+ Kxg8 45.Rxb7 Rh2+ 46.Kg1 Rb2 47.e4 Nd4 
48.Rb6 Kf7 49.e5 g5 50.fxg5 Kg6 51.Rxa6 Rxb4 52.Rd6 Nf3+ 53.Kf2 Nxg5 54.a6
Ne4+ 55.Ke3 Nxd6 56.exd6 Kf7 0-1